[Event "Skopje op"]
[Site "Skopje"]
[Date "1998.12.17"]
[Round "6"]
[White "Vukelic, Zvonimir"]
[Black "Stojkovic, Milan"]
[Result "1-0"]
[WhiteElo "2125"]
[BlackElo "2110"]
[PlyCount "103"]
[EventDate "1998.12.??"]
[EventType "swiss"]
[EventRounds "9"]
[EventCountry "MKD"]
[SourceTitle "EXT 2000"]
[Source "ChessBase"]
[SourceDate "1999.11.16"]
[SourceVersion "1"]
[SourceVersionDate "1999.11.16"]
[SourceQuality "1"]

1. e4 c5 2. Nc3 Nc6 3. g3 g6 4. Bg2 Bg7 5. Nge2 d6 6. h3 e6 7. d3 Nge7 8. Be3 Nd4 9. 0-0 0-0 10. f4 b6 11. Qd2 Bd7 12. Nd1 d5 13. c3 Nxe2+ 14. Qxe2 Qc7 15. Nf2 Rad8 16. Rac1 Bc6 17. Rfd1 Qb7 18. Bd2 Rd7 19. e5 Qa6 20. a3 Rfd8 21. g4 Ba4 22. Rf1 Bc6 23. Kh2 Kh8 24. Be1 Qb7 25. Nh1 d4 26. c4 Qc7 27. b4 Bxg2 28. Kxg2 g5 29. fxg5 Ng6 30. Bg3 Nxe5 31. Bxe5 Bxe5 32. Qe4 Bg7 33. Ng3 Qe5 34. Qxe5 Bxe5 35. Ne4 Rc7 36. Rf3 cxb4 37. axb4 a5 38. bxa5 bxa5 39. Ra1 Ra8 40. Rf2 Rb7 41. Ra3 a4 42. Rfa2 Rba7 43. Kf3 Bg7 44. c5 Bf8 45. Rc2 Rc8 46. Rc4 e5 47. Raxa4 Rac7 48. Ra5 Kg7 49. h4 Rc6 50. h5 Be7 51. Nd6 R8c7 52. Ne8+ 1-0